000 00403nam a2200133Ia 4500
008 151021s9999 xx 000 0 und d
020 _a130185590
245 _a_Keys to Success How to achieve your Goals (3rd ed.) / Carol Carter
260 _aNew Jersey : Prentice Hall, 2001
300 _axiv,384 p.
500 _aIncludes index
650 _a_Goal Setting
980 _a^d20110713 12:37:03^okilerai
999 _c7986
_d7986